| 000 | 00914nam a22002537a 4500 | ||
|---|---|---|---|
| 007 | ta | ||
| 008 | 230926b ||||| |||| 00| 0 spa d | ||
| 020 | _a8441306133 | ||
| 082 | 1 | 4 |
_214 _a659.1 |
| 100 | 1 | 0 |
_918581 _aToro, Juan Manuel de |
| 245 | 1 | 0 |
_aComunicación publicitaria / _cJuan Manuel de Toro ; Xavier Oliver. |
| 260 |
_aBarcelona : _bFolio, _c1997 |
||
| 300 |
_a86 p. : _bgraf. |
||
| 440 |
_918575 _aBiblioteca IESE de Gestión de Empresas |
||
| 505 | 2 | _tPlanificación de medios: pieza clave en la estrategia de comunicación publicitaria | |
| 505 | 2 | _tEvolución de la comunicación publicitaria | |
| 650 | 2 | 7 |
_2unescot _9756 _aCOMUNICACION |
| 650 | 2 | 7 |
_2unescot _9397 _aMARKETING |
| 650 | 2 | 7 |
_2unescot _9428 _aPUBLICIDAD |
| 650 | 2 | 7 |
_2unescot _9797 _aMEDIOS DE COMUNICACION DE MASAS |
| 700 | 1 |
_918582 _aOliver, Xavier |
|
| 942 |
_2ddc _cLIBRO |
||
| 980 |
_621570 _a Diaz Bustince _821568 _g Nuñez |
||
| 999 |
_c9444 _d9444 |
||